El Magrib del segle XXI / Alberto López Bargados, Yolanda Aixelà Cabré
Descripción Física:
48 p. ; 21 cm
Otros Autores:
Aixelà Cabré, Yolanda
Materias:
Magrib
MARC
| LEADER | 00000nam a2200000Ia 4500 | ||
|---|---|---|---|
| 001 | 21390 | ||
| 003 | BGR | ||
| 005 | 20260324180032.0 | ||
| 008 | 160829s2002 xx 000 0 cat d | ||
| 080 | |a M-6-190 | ||
| 100 | |a López Bargados, Alberto |9 44440 | ||
| 245 | |a El Magrib del segle XXI / Alberto López Bargados, Yolanda Aixelà Cabré | ||
| 260 | |a Barcelona : |b Fundació Solidaritat UB : |b Fundació Món-3, |c 2002 | ||
| 300 | |a 48 p. ; |c 21 cm | ||
| 590 | |a Amb el patrocini de: Diputació de Barcelona. Gabinet de Relacions Internacionals, etc. | ||
| 650 | |a Magrib |9 44441 | ||
| 700 | |a Aixelà Cabré, Yolanda |9 44445 | ||
| 710 | 1 | |a Barcelona (Catalunya : Província). |b Gabinet de Relacions Internacionals |9 13543 | |
| 710 | 2 | |a Fundació Solidaritat UB |9 70925 | |
| 710 | 2 | |a Món 3, Universitaris pel Tercer Món (Barcelona, Catalunya) |9 54286 | |
| 901 | |a Arxiu | ||
| 942 | |n 1 |2 udc |c MON | ||
| 952 | |0 0 |1 0 |4 0 |6 M6190 |7 1 |9 51945 |a Arxiu |b Arxiu |d 2016-12-01 |l 0 |o M-6-190 |p 21390 |r 2016-12-01 00:00:00 |w 2016-12-01 |y ARXIU | ||
| 999 | |c 55792 |d 55792 | ||